| 000 | 00920nam a2200217Ia 4500 | ||
|---|---|---|---|
| 001 | 19396 | ||
| 005 | 20260323163614.0 | ||
| 008 | 260306t2007||||xx |||||||||||||| ||spa|| | ||
| 041 | _aESP | ||
| 082 |
_a659.1 _bO638 |
||
| 100 |
_aO`Guinn, Thomas _eAUT |
||
| 245 | 0 | _aPublicidad y comunicación Integral de marca | |
| 260 | _c2007 | ||
| 300 |
_a781 páginas : _c27 cm. |
||
| 650 | _aGEN | ||
| 654 | _aCAN | ||
| 856 |
_uhttps://itmsp.museknowledge.com/UCSP?url=https://www.ebooks7-24.com:443/?il=835&pg=1 _zVéase además: Publicidad y promoción integral de marca, por Thomas C. O’Guinn. Versión digital |
||
| 856 |
_uhttps://0u213tr4s-y-https-ebooks7--24-com.itmsp.museknowledge.com/biblioteca.aspx _zVéase además: Base de datos Ebook7-24 |
||
| 856 |
_uhttps://0u20ftr4z-y-https-research-ebsco-com.itmsp.museknowledge.com/c/qxo6us/search _zVéase además: Base de datos EBSCOhost |
||
| 942 |
_cLIB _dJUS _fJUS _2ddc |
||
| 999 |
_c19396 _d19396 |
||